01089nam a2200301 u 450000100100000000500170001000800410002702000180006804100090008608200190009510000160011424501590013025000110028926000440030030000170034449000290036150600060039065000210039665000380041765000280045565000290048370000320051270000320054470000340057670000310061099900150064195201310065600006236020200120224233.0140717s1999 ag a r 000 0 spa d a950-724-660-60 a*spa04a746.6bG412211 aGibson, Ray10aEstampados divertidos /cRay Gibson ; ilustraciones John Woodcock ; fotografías Howard Allman ; traducción Vanina Cúccaro ; diseño Robert Walster. a1a ed. aBuenos Aires :bEditorial Lumen,c1999. a32 p. :bil. 0aColección cómo Hacer0 al17aEstampados2LEMB27aEstampados (obras manuales)2LEMB27aEstampado en tela2LEMB27aEstampado en papel2LEMB1 aWalster, Roberteilustrador1 aAllman, Howardefotógrafo1 aCúccaro, Vaninaetraductora1 aWoodcock, Johneilustrador c8617d8617 00102ddc40708GENaBPMOSbBPMOSd2020-01-20i112624l0o746.6 G41pMOS006244r2020-01-20tej.1w2020-01-20yBKzOcho días